Una mirada a la educación en derechos humanos desde el pensamiento de Paulo Freire: prácticas de intervención político-cultural /
Salvato in:
| Autore principale: | |
|---|---|
| Natura: | testo |
| Soggetti: | |
| Tags: |
Aggiungi Tag
Nessun Tag, puoi essere il primo ad aggiungerne!!
|
MARC
| LEADER | 00000 a a2200000 04500 | ||
|---|---|---|---|
| 001 | 42192 | ||
| 003 | |||
| 040 | |||
| 100 | |a El Alkar, Soraya | ||
| 245 | |a Una mirada a la educación en derechos humanos desde el pensamiento de Paulo Freire: prácticas de intervención político-cultural / |c Soraya El Alkar | ||
| 650 | |a DERECHOS HUMANOS | ||
| 650 | |a FINES DE LA EDUCACION | ||
| 650 | |a FILOSOFIA DE LA EDUCACION | ||
| 650 | |a POLITICA EDUCATIVA | ||
| 650 | |a EDUCACION COMUNITARIA | ||
| 650 | |a EDUCACION POLITICA | ||
| 773 | |g volumen15, número7 ( , 2007), páginas 107-119 | ||
| 999 | |c 39467 |d 39467 | ||
